00200nam a22000977a 4500040000700000082000800007100000700015245005400022260001800076300000800094 cSK a111 aNA aFaculty of agricultural technology and management aRUAbNAc1995 a9p.